The horse latitudes
| Main Author: | |
|---|---|
| Format: | Book |
| Published: |
New York :
William Morrow ,
1990
|
MARC
| LEADER | 00000cam a2200000 7i4500 | ||
|---|---|---|---|
| 001 | 0000000841 | ||
| 002 | 000000944 | ||
| 005 | 20000330.0 | ||
| 020 | |a 0688090605 | ||
| 090 | 0 | 0 | |a F |b FER |
| 100 | 1 | |a Ferrigno, Robert | |
| 245 | 1 | 4 | |a The horse latitudes |c Robert Ferrigno |
| 260 | |a New York : |b William Morrow , |c 1990 | ||
| 300 | |a 294 P. ; |c 24 cm. | ||
| 999 | |a 029815 |b BUKU |c FICTION |e PERPUSTAKAAN KOMUNITI PETALING JAYA | ||
| 999 | |a 029816 |b BUKU |c PINJAMAN |e PERPUSTAKAAN KOMUNITI PETALING JAYA | ||
| 999 | |a 029817 |b BUKU |c PINJAMAN |e PERPUSTAKAAN KOMUNITI PETALING JAYA | ||